000 00764cam a2200229 i 4500
999 _c169710
_d169710
005 20200701151625.0
010 _aB-731105
020 _a9781138796096
_c695.00
035 _aB-731105
037 _bDBAD
_adpl
042 _alcode
043 _aa-ii---
100 1 _aSrivatsan, R.,
245 1 0 _aSeva, saviour and state :
_bcaste politics, tribal welfare and capitalist development /
_cR. Srivatsan.
246 3 _aSeva, saviour & state
300 _axiv, 198 p.
_c22 cm (Hb)
504 _aIncludes bibliographical references (pages 177-189) and index.
650 0 _aPublic welfare
_zIndia
_xHistory.
650 0 _aCaste
_zIndia.
942 _2ddc
_cEN
_h361.370954
_mSRI